Tápies (Record no. 3907)

MARC details
000 - LÍDER
campo de control de longitud fija 00941nam a2200205Ia 4500
008 - ELEMENTOS DE DATOS DE LONGITUD FIJA - INFORMACIÓN GENERAL
campo de control de longitud fija 0000001992 sp a 0000000000spa00
090 ## - NÚMERO DE LLAMADA DE TIPO LC LOCALMENTE ASIGNADO (OCLC)
Número de clasificación (OCLC) (R) PSP00 T16s
100 1# - ENTRADA PRINCIPAL - NOMBRE PERSONAL
Nombre de la persona Tápies, Antoni
Fechas asociadas a un nombre 1923
245 13 - TÍTULO DECLARACIÓN
Título Tápies
Resto del título : una selección de pinturas de Antoni Tápies 19611989
Declaración de responsabilidad / fotografías Elena Guereta, Melli Pérez Madero
260 ## - PUBLICACIÓN, DISTRIBUCIÓN
Lugar de publicación Madrid : Galería Nieves Fernández
Fecha de publicación 1992
300 ## - DESCRIPCIÓN FÍSICA
Alcance 37 p.
Dimensiones / 33 cm.
500 ## - NOTA GENERAL
Nota general Exposición realizada en la Galería Nieves Fernández de Madrid, de febrero a mayo , 1992 \ Con el patronazgo del maestro venezolano Jesús Rafael Soto (q.e.p.d.) \ Registro auspiciado por el IDCT. Bogotá
600 00 - ENTRADA DE SUJETO AÑADIDO - NOMBRE PERSONAL
Nombre de la persona TAPIES, ANTONIO, 1923201/
Subdivisión general TRABAJOS PICTORICOS
650 14 - ENTRADA DE SUJETO AÑADIDO - TÉRMINO TÓPICO
Término tópico o elemento de entrada del nombre geográfico ARTE CONTEMPORANEO ESPAÑOL
650 14 - ENTRADA DE SUJETO AÑADIDO - TÉRMINO TÓPICO
Término tópico o elemento de entrada del nombre geográfico ARTISTAS PLASTICOS ESPAÑOLES
650 14 - ENTRADA DE SUJETO AÑADIDO - TÉRMINO TÓPICO
Subdivisión general CATALOGOS
650 14 - ENTRADA DE SUJETO AÑADIDO - TÉRMINO TÓPICO
Subdivisión general EXPOSICIONES
650 14 - ENTRADA DE SUJETO AÑADIDO - TÉRMINO TÓPICO
Término tópico o elemento de entrada del nombre geográfico PINTORES ESPAÑOLES
700 1# - ENTRADA AGREGADA - NOMBRE PERSONAL
Nombre de la persona Guereta, Elena G. \ Pérez Madero, Melli
Holdings
Estado de retirada Pérdida de estatus Estado dañado No para préstamo Código de recogida Ubicación permanente Ubicación actual Ubicación de las estanterías Fecha de adquisición Número de llamada completo Código de barras Fecha de la última vez que se vio Número de copia Precio efectivo desde Tipo de artículo Koha
        General ArtNexus ArtNexus General 06/09/2022 P-SP-00 T16S 3911 06/09/2022 Ej.1 06/09/2022 Libro

Powered by Koha